[Event "SLO-chT Central Superliga 16th"]
[Site "Slovenia"]
[Date "2015.09.10"]
[Round "1.4"]
[White "Jelen, Miha"]
[Black "Lesjak, Damjan"]
[Result "0-1"]
[WhiteElo "1748"]
[BlackElo "1838"]
[PlyCount "46"]
[EventDate "2015.09.10"]
[EventType "team-tourn"]
[EventRounds "9"]
[EventCountry "SLO"]
[SourceTitle "EXT 2022"]
[Source "ChessBase"]
[SourceDate "2021.10.06"]
[SourceVersion "1"]
[SourceVersionDate "2021.10.06"]
[SourceQuality "1"]
[WhiteTeam "Ig"]
[BlackTeam "Visnja Gora Sticna"]
[WhiteTeamCountry "SLO"]
[BlackTeamCountry "SLO"]

1. e4 c5 2. c3 Nc6 3. Nf3 d6 4. d4 cxd4 5. cxd4 Nf6 6. Nc3 g6 7. Be3 Bg7 8. Qd2 0-0 9. h3 a6 10. d5 Nb8 11. Bh6 Nbd7 12. Bxg7 Kxg7 13. Nd4 Nc5 14. Qe3 Qa5 15. f3 Bd7 16. a3 Qb6 17. Nc2 Qxb2 18. Ra2 Qb6 19. Be2 Rfc8 20. 0-0 Qa7 21. Rb1 b5 22. Kh2 Qc7 23. Rc1 Nb3 0-1

[Event "Ljubljana-chT 68th Superliga"]
[Site "Ljubljana"]
[Date "2015.01.22"]
[Round "3.2"]
[White "Lesjak, Damjan"]
[Black "Cetina, Klemen"]
[Result "0-1"]
[WhiteElo "1844"]
[BlackElo "2159"]
[PlyCount "66"]
[EventDate "2015.01.08"]
[EventType "team-tourn"]
[EventRounds "9"]
[EventCountry "SLO"]
[SourceTitle "EXT 2022"]
[Source "ChessBase"]
[SourceDate "2021.10.06"]
[SourceVersion "1"]
[SourceVersionDate "2021.10.06"]
[SourceQuality "1"]
[WhiteTeam "Visnja Gora Sticna"]
[BlackTeam "Crni Vitezi"]
[WhiteTeamCountry "SLO"]
[BlackTeamCountry "SLO"]

1. d4 Nf6 2. c4 c5 3. e3 g6 4. Nc3 Bg7 5. g3 0-0 6. Bg2 Nc6 7. Nge2 d6 8. 0-0 Bd7 9. Rb1 Rc8 10. d5 Na5 11. b3 a6 12. a4 Rb8 13. Qd3 Qc7 14. f4 b6 15. e4 Rb7 16. f5 Ng4 17. h3 Ne5 18. Qc2 b5 19. cxb5 axb5 20. Nxb5 Bxb5 21. axb5 Rxb5 22. Bb2 Rfb8 23. fxg6 hxg6 24. Bxe5 Bxe5 25. Rf3 Qb6 26. Nc1 c4+ 27. Kh2 cxb3 28. Qe2 b2 29. Nd3 Nc4 30. Nxe5 Nxe5 31. Rf2 Qd4 32. Bf1 Rb3 33. Kg2 Qc3 0-1

[Event "SLO-chT2 West"]
[Site "Ljubljana"]
[Date "2014.11.09"]
[Round "9.4"]
[White "Lesjak, Damjan"]
[Black "Kobe, Uros"]
[Result "0-1"]
[WhiteElo "1815"]
[BlackElo "2119"]
[PlyCount "124"]
[EventDate "2014.10.17"]
[EventType "team-tourn"]
[EventRounds "9"]
[EventCountry "SLO"]
[SourceTitle "EXT 2019"]
[Source "ChessBase"]
[SourceDate "2018.10.10"]
[SourceVersion "1"]
[SourceVersionDate "2018.10.10"]
[SourceQuality "1"]
[WhiteTeam "Sticna Visnja Gora"]
[BlackTeam "Stari Trg ob Kolpi"]
[WhiteTeamCountry "SLO"]
[BlackTeamCountry "SLO"]

1. d4 Nf6 2. c4 g6 3. Nc3 d5 4. cxd5 Nxd5 5. e4 Nxc3 6. bxc3 Bg7 7. Nf3 c5 8. Bb5+ Nc6 9. 0-0 0-0 10. Qa4 cxd4 11. Bxc6 bxc6 12. cxd4 c5 13. Be3 Bd7 14. Qa3 Bb5 15. Rfd1 Be2 16. Rd2 Bxf3 17. gxf3 cxd4 18. Rad1 e5 19. Rd3 Re8 20. Rb1 Rb8 21. Rxb8 Qxb8 22. Bd2 Bf8 23. Qa6 Re6 24. Qc4 Rb6 25. Rb3 Rxb3 26. axb3 Qb7 27. Kf1 a6 28. Ke2 Qb5 29. Qxb5 axb5 30. h3 f5 31. Kd3 Bc5 32. Ba5 Kf7 33. Bc7 Ke6 34. Ba5 f4 35. Bd8 Be7 36. Bc7 h6 37. Ke2 g5 38. Kd3 Bd6 39. Bd8 Be7 40. Bc7 Bf6 41. Ba5 Kf7 42. Ke2 Kg6 43. Kf1 Kh5 44. Kg2 Kh4 45. Bd2 d3 46. b4 Bd8 47. Kh2 Bb6 48. Kg2 Bd4 49. Be1 Bb2 50. Bd2 Bd4 51. Be1 Kh5 52. Bd2 Kh4 53. Be1 Bb2 54. Bd2 h5 55. Kh2 g4 56. hxg4 hxg4 57. Kg2 g3 58. fxg3+ fxg3 59. f4 exf4 60. Bxf4 Kg4 61. Bd2 Bd4 62. Be1 Be3 0-1

[Event "SLO-chT2 West"]
[Site "Ljubljana"]
[Date "2014.10.19"]
[Round "4.4"]
[White "Ursic, Mateja"]
[Black "Lesjak, Damjan"]
[Result "1-0"]
[WhiteElo "2034"]
[BlackElo "1815"]
[PlyCount "127"]
[EventDate "2014.10.17"]
[EventType "team-tourn"]
[EventRounds "9"]
[EventCountry "SLO"]
[SourceTitle "EXT 2019"]
[Source "ChessBase"]
[SourceDate "2018.10.10"]
[SourceVersion "1"]
[SourceVersionDate "2018.10.10"]
[SourceQuality "1"]
[WhiteTeam "Posocje"]
[BlackTeam "Sticna Visnja Gora"]
[WhiteTeamCountry "SLO"]
[BlackTeamCountry "SLO"]

1. e4 c5 2. c3 Nc6 3. Nf3 d6 4. d4 cxd4 5. cxd4 Nf6 6. Nc3 g6 7. h3 Bg7 8. Be3 0-0 9. Be2 Qa5 10. 0-0 a6 11. a3 b5 12. Qd2 Bb7 13. Bh6 Rac8 14. Rfd1 Qd8 15. Bxg7 Kxg7 16. b4 Nb8 17. Bd3 Nbd7 18. Rac1 Nb6 19. Qf4 e6 20. Ne2 Qe7 21. Ng3 Rxc1 22. Rxc1 Rc8 23. h4 Rxc1+ 24. Qxc1 d5 25. e5 Ng8 26. h5 Nc4 27. Ng5 Bc6 28. Nf1 Be8 29. Nh2 h6 30. Nh3 a5 31. Bxc4 bxc4 32. bxa5 Qa7 33. Qc3 Ne7 34. hxg6 Kxg6 35. Nf4+ Kg7 36. Nh5+ Kf8 37. Nf3 Qb7 38. Qd2 Qb1+ 39. Kh2 Ng8 40. Nf6 Bb5 41. Nxg8 Kxg8 42. Qb4 Qxb4 43. axb4 Kg7 44. Kg3 Kg6 45. Kf4 Ba6 46. Ng1 c3 47. Ke3 Kf5 48. Ne2 c2 49. Nc1 h5 50. g3 Bc4 51. f3 f6 52. g4+ hxg4 53. fxg4+ Kg5 54. exf6 Kxf6 55. Kd2 e5 56. dxe5+ Kxe5 57. Kxc2 d4 58. Nd3+ Ke4 59. Nb2 Bb5 60. Kd2 Kf4 61. Nd3+ Kxg4 62. Nc5 Kf4 63. a6 Ke5 64. a7 1-0

[Event "SLO-chT2 West"]
[Site "Ljubljana"]
[Date "2014.10.18"]
[Round "3.4"]
[White "Lesjak, Damjan"]
[Black "Leonardi, Caterina"]
[Result "0-1"]
[WhiteElo "1815"]
[BlackElo "1984"]
[PlyCount "92"]
[EventDate "2014.10.17"]
[EventType "team-tourn"]
[EventRounds "9"]
[EventCountry "SLO"]
[SourceTitle "EXT 2019"]
[Source "ChessBase"]
[SourceDate "2018.10.10"]
[SourceVersion "1"]
[SourceVersionDate "2018.10.10"]
[SourceQuality "1"]
[WhiteTeam "Sticna Visnja Gora"]
[BlackTeam "Komenda II"]
[WhiteTeamCountry "SLO"]
[BlackTeamCountry "SLO"]

1. d4 d5 2. c4 c6 3. Nc3 a6 4. cxd5 cxd5 5. Nf3 Nf6 6. h3 Nc6 7. Bf4 Bf5 8. e3 e6 9. a3 Bd6 10. Bxd6 Qxd6 11. Bd3 Bxd3 12. Qxd3 0-0 13. 0-0 Rac8 14. Rfc1 Na5 15. Na4 Ne4 16. b4 Nc4 17. Nc5 Nxc5 18. bxc5 Qc7 19. Rab1 Rb8 20. Nd2 Na5 21. Rb6 Rfc8 22. Rcb1 h6 23. Nb3 Nc4 24. Rb4 Nxa3 25. Ra1 Nc4 26. Nd2 Nxd2 27. Qxd2 b6 28. cxb6 Rxb6 29. Rxb6 Qxb6 30. Qa5 Rc1+ 31. Kh2 Qd6+ 32. g3 Rxa1 33. Qxa1 Qb6 34. Qc3 a5 35. Qc8+ Kh7 36. Qd7 Kg6 37. g4 Qb4 38. h4 a4 39. Kg3 Qb8+ 40. f4 a3 41. Qa4 Qb2 42. f5+ Kh7 43. fxe6 fxe6 44. g5 a2 45. Qe8 Qb1 46. h5 hxg5 0-1

[Event "SLO-chT Central Superliga 15th"]
[Site "Slovenia"]
[Date "2014.09.11"]
[Round "1.4"]
[White "Lesjak, Damjan"]
[Black "Jelen, Miha"]
[Result "1-0"]
[WhiteElo "1815"]
[BlackElo "1572"]
[PlyCount "131"]
[EventDate "2014.09.11"]
[EventType "team-tourn"]
[EventRounds "9"]
[EventCountry "SLO"]
[SourceTitle "EXT 2022"]
[Source "ChessBase"]
[SourceDate "2021.10.06"]
[SourceVersion "1"]
[SourceVersionDate "2021.10.06"]
[SourceQuality "1"]
[WhiteTeam "Visnja Gora Sticna"]
[BlackTeam "Ig"]
[WhiteTeamCountry "SLO"]
[BlackTeamCountry "SLO"]

1. d4 d5 2. c4 e6 3. a3 c5 4. dxc5 Bxc5 5. Nf3 Nc6 6. b4 Bd6 7. Bb2 Nf6 8. c5 Bb8 9. e3 0-0 10. Be2 Re8 11. 0-0 Nd7 12. Nbd2 a6 13. Nb3 Nde5 14. Nxe5 Bxe5 15. Bxe5 Nxe5 16. Nd4 Bd7 17. a4 Rc8 18. Qb3 Qe7 19. Rfc1 Rc7 20. Rc2 Rec8 21. Rac1 h6 22. Qa3 Nc6 23. b5 Nxd4 24. exd4 Ra8 25. Qb3 axb5 26. axb5 Qe8 27. Rb2 Rcc8 28. h3 Kh8 29. Rcb1 Rcb8 30. Ra2 Rxa2 31. Qxa2 Ra8 32. Qb3 Kg8 33. Qg3 Qb8 34. Qxb8+ Rxb8 35. Ra1 Kf8 36. Ra7 Ke8 37. f4 Kd8 38. Kf2 Be8 39. g4 Bd7 40. Ke3 Ke8 41. Bd3 g6 42. f5 gxf5 43. gxf5 exf5 44. Kf4 f6 45. Ra5 Kf7 46. Bxf5 Bxf5 47. Kxf5 Rg8 48. Ra7 Rg5+ 49. Kf4 Kg6 50. Rxb7 Rf5+ 51. Ke3 Rh5 52. Kd3 Rxh3+ 53. Ke2 Rh2+ 54. Kf3 Rh3+ 55. Kg2 Rc3 56. c6 h5 57. c7 h4 58. b6 Rc2+ 59. Kh3 Kg5 60. Rb8 Rc3+ 61. Kg2 Rc2+ 62. Kf3 Rc3+ 63. Ke2 h3 64. c8Q Rxc8 65. Rxc8 h2 66. Rh8 1-0

[Event "Ljubljana-chT 66th Superliga"]
[Site "Ljubljana"]
[Date "2013.02.21"]
[Round "6.3"]
[White "Lesjak, Damjan"]
[Black "Semrl, Marjan"]
[Result "0-1"]
[WhiteElo "1842"]
[BlackElo "2108"]
[PlyCount "50"]
[EventDate "2013.01.10"]
[EventType "team-tourn"]
[EventRounds "9"]
[EventCountry "SLO"]
[SourceTitle "EXT 2022"]
[Source "ChessBase"]
[SourceDate "2021.10.06"]
[SourceVersion "1"]
[SourceVersionDate "2021.10.06"]
[SourceQuality "1"]
[WhiteTeam "Visnja Gora Sticna"]
[BlackTeam "Domzale SD"]
[WhiteTeamCountry "SLO"]
[BlackTeamCountry "SLO"]

1. d4 Nc6 2. e4 e5 3. d5 Nce7 4. Bd3 Ng6 5. Ne2 Bc5 6. 0-0 Nf6 7. c4 0-0 8. a3 a5 9. Nbc3 d6 10. h3 Nh5 11. Kh2 Qh4 12. Qe1 Nhf4 13. Nxf4 Nxf4 14. Bxf4 Qxf4+ 15. Kg1 Bxh3 16. gxh3 Qg3+ 17. Kh1 Qxh3+ 18. Kg1 Qg3+ 19. Kh1 Qxd3 20. Kg2 f5 21. Rd1 Qxc4 22. f3 Bd4 23. Rh1 Bxc3 24. bxc3 fxe4 25. fxe4 Rf4 0-1

[Event "Ljubljana-chT 66th Superliga"]
[Site "Ljubljana"]
[Date "2013.02.14"]
[Round "5.4"]
[White "Lesjak, Damjan"]
[Black "Sansoni, Vojko"]
[Result "0-1"]
[WhiteElo "1842"]
[BlackElo "1739"]
[PlyCount "114"]
[EventDate "2013.01.10"]
[EventType "team-tourn"]
[EventRounds "9"]
[EventCountry "SLO"]
[SourceTitle "EXT 2022"]
[Source "ChessBase"]
[SourceDate "2021.10.06"]
[SourceVersion "1"]
[SourceVersionDate "2021.10.06"]
[SourceQuality "1"]
[WhiteTeam "Visnja Gora Sticna"]
[BlackTeam "Podpec"]
[WhiteTeamCountry "SLO"]
[BlackTeamCountry "SLO"]

1. d4 Nf6 2. c4 d5 3. Nc3 e6 4. a3 h6 5. Nf3 a6 6. cxd5 exd5 7. h3 Bd6 8. Qb3 c6 9. e3 0-0 10. Bd3 Re8 11. Bd2 Re7 12. 0-0-0 b5 13. g4 Ne4 14. Be1 Nd7 15. Nh4 Re8 16. f3 Nxc3 17. Qxc3 Qb6 18. Nf5 Bf8 19. g5 hxg5 20. h4 gxh4 21. Rxh4 g6 22. Nh6+ Bxh6 23. Rxh6 Kg7 24. Rh3 Nf6 25. Rh2 Rxe3 26. Bd2 Rxf3 27. Bh6+ Kg8 28. Qd2 Qxd4 29. Bg7 Qf4 30. Qxf4 Rxf4 31. Bh6 Rf3 32. Bg5 Nh5 33. Be2 Rh3 34. Rxh3 Bxh3 35. Rh1 Bf5 36. Bxh5 gxh5 37. Rxh5 Bg6 38. Rh3 Kg7 39. Rf3 f5 40. Be3 Re8 41. Bd4+ Kf7 42. Kd2 Re4 43. Be3 d4 44. Bg5 c5 45. Kd3 a5 46. Rf2 c4+ 47. Kd2 b4 48. a4 c3+ 49. bxc3 dxc3+ 50. Kc2 Ke6 51. Bd8 Re5 52. Bc7 Rd5 53. Kb3 Bh5 54. Rh2 Bd1+ 55. Kc4 Rd2 56. Rh6+ Kd7 57. Bxa5 c2 0-1

[Event "SLO-chT Central 1st League 12th"]
[Site "Slovenia"]
[Date "2011.09.08"]
[Round "1.3"]
[White "Grcar, Janez"]
[Black "Lesjak, Damjan"]
[Result "1-0"]
[WhiteElo "1694"]
[BlackElo "1906"]
[PlyCount "99"]
[EventDate "2011.09.08"]
[EventType "team-tourn"]
[EventRounds "9"]
[EventCountry "SLO"]
[SourceTitle "EXT 2022"]
[Source "ChessBase"]
[SourceDate "2021.10.06"]
[SourceVersion "1"]
[SourceVersionDate "2021.10.06"]
[SourceQuality "1"]
[WhiteTeam "Kamnik DU"]
[BlackTeam "Visnja Gora Sticna"]
[WhiteTeamCountry "SLO"]
[BlackTeamCountry "SLO"]

1. d4 d5 2. c4 e6 3. Nf3 g6 4. Bg5 f6 5. Bf4 Bg7 6. cxd5 exd5 7. h3 Ne7 8. Nc3 0-0 9. g4 b6 10. Bg2 c5 11. Nb5 a6 12. Nc3 Nbc6 13. dxc5 bxc5 14. 0-0 Rb8 15. Bxb8 Nxb8 16. e3 Bb7 17. Na4 Qd6 18. Rc1 Nd7 19. Qc2 Rc8 20. Rfd1 f5 21. Nh2 fxg4 22. Nxg4 Ba8 23. Nc3 h5 24. Nh2 Ne5 25. Ne4 Qb6 26. Ng5 c4 27. b3 Nd3 28. Rb1 Qa5 29. Ne6 Nb4 30. Qe2 c3 31. Nd4 c2 32. Nxc2 Rxc2 33. Qf3 Nxa2 34. b4 Qb5 35. Bf1 Qc6 36. b5 axb5 37. Rxb5 Nc3 38. Rb8+ Kh7 39. Bd3 Nxd1 40. Qxh5+ Bh6 41. Ng4 Nf5 42. Bxf5 gxf5 43. Qf7+ Bg7 44. Qg8+ Kg6 45. Ne5+ Kf6 46. Nxc6 Rxc6 47. Rxa8 Nc3 48. Qd8+ Ke6 49. Qe8+ Kd6 50. Qg6+ 1-0

[Event "Ljubljana-chT 64th Superliga"]
[Site "Ljubljana"]
[Date "2011.02.10"]
[Round "4.3"]
[White "Lesjak, Damjan"]
[Black "Semrl, Marjan"]
[Result "1/2-1/2"]
[WhiteElo "1809"]
[BlackElo "2146"]
[PlyCount "94"]
[EventDate "2011.01.13"]
[EventType "team-tourn"]
[EventRounds "9"]
[EventCountry "SLO"]
[SourceTitle "EXT 2022"]
[Source "ChessBase"]
[SourceDate "2021.10.06"]
[SourceVersion "1"]
[SourceVersionDate "2021.10.06"]
[SourceQuality "1"]
[WhiteTeam "Visnja Gora Sticna"]
[BlackTeam "Domzale SD"]
[WhiteTeamCountry "SLO"]
[BlackTeamCountry "SLO"]

1. d4 Nc6 2. c4 e5 3. e3 Nf6 4. a3 d5 5. Nc3 Be6 6. cxd5 Nxd5 7. Bb5 Nxc3 8. Bxc6+ bxc6 9. bxc3 Bd6 10. Ne2 0-0 11. 0-0 Bc4 12. Re1 Qh4 13. Ng3 e4 14. a4 Rab8 15. Ba3 Rb3 16. Bxd6 cxd6 17. Nf5 Qf6 18. Ng3 d5 19. Rb1 Rfb8 20. Rxb3 Rxb3 21. Qa1 Qd8 22. Rb1 Qb8 23. Rxb3 Qxb3 24. a5 g6 25. h4 h5 26. Nf1 Bb5 27. Nd2 Qc2 28. Nf1 Qe2 29. Ng3 Qg4 30. Qa3 Qxh4 31. Qd6 a6 32. Qe5 Qd8 33. f3 exf3 34. gxf3 h4 35. Nh1 Qxa5 36. Qe8+ Kg7 37. Qe5+ Kh7 38. Qf6 Qa1+ 39. Kh2 Qb2+ 40. Kh3 Bf1+ 41. Kg4 Qg2+ 42. Kf4 g5+ 43. Ke5 Qh2+ 44. f4 gxf4 45. Qxf7+ Kh6 46. Qf6+ Kh5 47. Qf5+ Kh6 1/2-1/2

[Event "Ljubljana-chT 64th Superliga"]
[Site "Ljubljana"]
[Date "2011.01.20"]
[Round "2.3"]
[White "Lesjak, Damjan"]
[Black "Kolar, Srecko"]
[Result "0-1"]
[WhiteElo "1809"]
[BlackElo "2157"]
[PlyCount "54"]
[EventDate "2011.01.13"]
[EventType "team-tourn"]
[EventRounds "9"]
[EventCountry "SLO"]
[SourceTitle "EXT 2022"]
[Source "ChessBase"]
[SourceDate "2021.10.06"]
[SourceVersion "1"]
[SourceVersionDate "2021.10.06"]
[SourceQuality "1"]
[WhiteTeam "Visnja Gora Sticna"]
[BlackTeam "Podpec MKK"]
[WhiteTeamCountry "SLO"]
[BlackTeamCountry "SLO"]

1. d4 Nf6 2. c4 g6 3. Nc3 Bg7 4. e4 d6 5. Nf3 0-0 6. Be2 Nc6 7. 0-0 e5 8. dxe5 dxe5 9. Bg5 Bg4 10. Qxd8 Nxd8 11. Bxf6 Bxf6 12. Nd5 Kg7 13. Nxc7 Rc8 14. Nd5 Bxf3 15. gxf3 Ne6 16. Kg2 Rfd8 17. b3 Rxd5 18. cxd5 Nf4+ 19. Kh1 Nxe2 20. Rfe1 Rc2 21. d6 Bd8 22. a4 Kf6 23. Rad1 Ke6 24. Rd5 f6 25. Red1 Nd4 26. f4 Rxf2 27. fxe5 Nf3 0-1

[Event "SLO-chT Central Superliga 11th"]
[Site "Slovenia"]
[Date "2010.11.18"]
[Round "9.4"]
[White "Svigelj, Domen"]
[Black "Lesjak, Damjan"]
[Result "0-1"]
[WhiteElo "1719"]
[BlackElo "1818"]
[PlyCount "64"]
[EventDate "2010.09.09"]
[EventType "team-tourn"]
[EventRounds "9"]
[EventCountry "SLO"]
[SourceTitle "EXT 2022"]
[Source "ChessBase"]
[SourceDate "2021.10.06"]
[SourceVersion "1"]
[SourceVersionDate "2021.10.06"]
[SourceQuality "1"]
[WhiteTeam "Vrhnika"]
[BlackTeam "Visnja Gora Sticna"]
[WhiteTeamCountry "SLO"]
[BlackTeamCountry "SLO"]

1. d4 d5 2. c4 e6 3. Nc3 Nf6 4. Bg5 Be7 5. Nf3 0-0 6. e3 b6 7. Bd3 dxc4 8. Bxc4 Bb7 9. 0-0 Nd5 10. Bxe7 Qxe7 11. Nxd5 exd5 12. Bd3 Nd7 13. Qc2 Nf6 14. Ne5 c5 15. b3 Rfc8 16. Qb2 a6 17. Rfc1 Rc7 18. Rc2 Rac8 19. Bf5 Re8 20. Rac1 g6 21. Bh3 Ne4 22. Ng4 h5 23. Ne5 Ng5 24. f4 Nxh3+ 25. gxh3 f6 26. Nxg6 Qxe3+ 27. Kh1 Rg7 28. Rg2 Qe4 29. Qb1 cxd4 30. Qxe4 dxe4 31. Kg1 e3 32. Rg3 d3 0-1

[Event "SLO-chT Central Superliga 11th"]
[Site "Slovenia"]
[Date "2010.10.21"]
[Round "6.3"]
[White "Rebernik, Bostjan"]
[Black "Lesjak, Damjan"]
[Result "1-0"]
[WhiteElo "2099"]
[BlackElo "1818"]
[PlyCount "69"]
[EventDate "2010.09.09"]
[EventType "team-tourn"]
[EventRounds "9"]
[EventCountry "SLO"]
[SourceTitle "EXT 2022"]
[Source "ChessBase"]
[SourceDate "2021.10.06"]
[SourceVersion "1"]
[SourceVersionDate "2021.10.06"]
[SourceQuality "1"]
[WhiteTeam "Domzale SD"]
[BlackTeam "Visnja Gora Sticna"]
[WhiteTeamCountry "SLO"]
[BlackTeamCountry "SLO"]

1. e4 c5 2. Nf3 Nc6 3. d4 cxd4 4. Nxd4 d6 5. c4 g6 6. Nc3 Bg7 7. Be3 Nf6 8. Be2 0-0 9. 0-0 a6 10. Qd2 Ng4 11. Bxg4 Bxg4 12. h3 Bd7 13. Rad1 Qa5 14. f4 Nxd4 15. Bxd4 Bxd4+ 16. Qxd4 Rad8 17. Rf2 Bc6 18. a3 Qc5 19. Rfd2 Qxd4+ 20. Rxd4 Rb8 21. Kf2 Rfc8 22. a4 b5 23. axb5 axb5 24. cxb5 Bxb5 25. Rb4 Bc6 26. Rxb8 Rxb8 27. Rb1 Rb4 28. Ke3 Kf8 29. g3 e6 30. Rd1 Ke7 31. Rd2 f5 32. exf5 gxf5 33. g4 e5 34. gxf5 Kf6 35. Rxd6+ 1-0

[Event "SLO-chT Central Superliga 11th"]
[Site "Slovenia"]
[Date "2010.09.30"]
[Round "3.3"]
[White "Lucovnik, Tilen"]
[Black "Lesjak, Damjan"]
[Result "1/2-1/2"]
[WhiteElo "1756"]
[BlackElo "1818"]
[PlyCount "77"]
[EventDate "2010.09.09"]
[EventType "team-tourn"]
[EventRounds "9"]
[EventCountry "SLO"]
[SourceTitle "EXT 2022"]
[Source "ChessBase"]
[SourceDate "2021.10.06"]
[SourceVersion "1"]
[SourceVersionDate "2021.10.06"]
[SourceQuality "1"]
[WhiteTeam "Komenda Pogi"]
[BlackTeam "Visnja Gora Sticna"]
[WhiteTeamCountry "SLO"]
[BlackTeamCountry "SLO"]

1. b3 e5 2. e3 d5 3. Bb2 Nd7 4. Nf3 e4 5. Nd4 c5 6. Ne2 Ngf6 7. Nbc3 Be7 8. Nf4 Nb6 9. Bb5+ Bd7 10. Bxd7+ Qxd7 11. Qe2 0-0 12. 0-0 Rfe8 13. d3 exd3 14. Qxd3 Bd6 15. Nfe2 Rad8 16. Rad1 Bb8 17. Ng3 Qg4 18. Qe2 Qh4 19. Qf3 Rd7 20. Nce2 Re6 21. c4 Ne4 22. cxd5 Nxd5 23. Qh5 Qxh5 24. Nxh5 Rh6 25. Nhg3 Nxg3 26. hxg3 Nb6 27. Rxd7 Nxd7 28. Rd1 Rd6 29. Rxd6 Bxd6 30. g4 Ne5 31. Bxe5 Bxe5 32. Kf1 f6 33. Ke1 Kf7 34. Kd2 Ke6 35. e4 g6 36. Kd3 Kd7 37. Kc4 Kc6 38. a4 a6 39. f4 1/2-1/2

[Event "Ljubljana-chT 62nd 2nd League"]
[Site "Ljubljana"]
[Date "2009.02.12"]
[Round "6.4"]
[White "Lesjak, Damjan"]
[Black "Kozelj, Janez"]
[Result "0-1"]
[WhiteElo "1802"]
[BlackElo "1632"]
[PlyCount "108"]
[EventDate "2009.01.08"]
[EventType "team-tourn"]
[EventRounds "9"]
[EventCountry "SLO"]
[SourceTitle "EXT 2022"]
[Source "ChessBase"]
[SourceDate "2021.10.06"]
[SourceVersion "1"]
[SourceVersionDate "2021.10.06"]
[SourceQuality "1"]
[WhiteTeam "Visnja Gora Sticna II"]
[BlackTeam "Barob Smarca"]
[WhiteTeamCountry "SLO"]
[BlackTeamCountry "SLO"]

1. d4 d5 2. c4 dxc4 3. Nc3 c6 4. e4 b5 5. Nf3 e6 6. a3 Bb7 7. Be2 Ne7 8. 0-0 Ng6 9. b3 cxb3 10. Qxb3 a6 11. Bb2 Nd7 12. Rad1 Nh4 13. d5 Nxf3+ 14. Bxf3 cxd5 15. exd5 Nc5 16. Qc2 e5 17. Rfe1 Bd6 18. Ne4 Nxe4 19. Bxe4 Qg5 20. Bc1 Qe7 21. Qb3 0-0 22. Qh3 g6 23. Bh6 Rfe8 24. Qg3 Qd7 25. h4 f5 26. Bb1 e4 27. Bf4 Rad8 28. Ba2 Kh8 29. Bxd6 Qxd6 30. Qc3+ Kg8 31. Re2 Rc8 32. Qb3 Kg7 33. a4 b4 34. Rc2 a5 35. Rdc1 Rxc2 36. Rxc2 Rc8 37. Rxc8 Bxc8 38. Qc4 Bd7 39. Bb3 Qb6 40. Kf1 Qd6 41. Qd4+ Qf6 42. Qc4 Qd6 43. Qd4+ Qf6 44. Qc4 Qc3 45. Ke2 Qxc4+ 46. Bxc4 Bxa4 47. Ke3 Kf6 48. Kd4 Ke7 49. f3 exf3 50. gxf3 Kd6 51. f4 Bc2 52. Bb5 Bd1 53. Bc6 a4 54. Kc4 a3 0-1